000 00513nam a2200181Ia 4500
008 240925s9999 xx 000 0 und d
020 _a9788126536009
082 _a658.15 DAM
100 _aDamodaran, Aswath
245 0 _aInvestment Valuation: tools and techniques for determining the value of any asset
250 _a3rd
260 _aNew Delhi:
_bJohn Wiley and Sons
_c,2012.
300 _a1026p.
_b0
_fOriginal
500 _aIncludes Index
600 _aManagement
650 _aManagement
942 _cBK
999 _c16448
_d16448